Brevario de ideas políticas / (Registro nro. 5136)
[ vista simple ]
| 000 -LEADER | |
|---|---|
| fixed length control field | 00996nam a2200229Ia 4500 |
| 003 - CONTROL NUMBER IDENTIFIER | |
| control field | OSt |
| 005 - DATE AND TIME OF LATEST TRANSACTION | |
| control field | 20200329001154.0 |
| 008 - FIXED-LENGTH DATA ELEMENTS--GENERAL INFORMATION | |
| fixed length control field | 191128s1984 ck gr 000 0 spa d |
| 040 ## - CATALOGING SOURCE | |
| Original cataloging agency | CO.JMCR |
| Transcribing agency | CO.JMCR |
| 041 0# - LANGUAGE CODE | |
| Language code of text/sound track or separate title | spa |
| 082 04 - DEWEY DECIMAL CLASSIFICATION NUMBER | |
| Classification number | 320.5 / |
| Item number | M721b |
| Edition number | 21 |
| 100 1# - MAIN ENTRY--PERSONAL NAME | |
| Personal name | Molina, Gerardo, |
| Relator term | autor |
| 9 (RLIN) | 2084 |
| 245 10 - TITLE STATEMENT | |
| Title | Brevario de ideas políticas / |
| Statement of responsibility, etc. | Gerardo Molina |
| 250 ## - EDITION STATEMENT | |
| Edition statement | Sexta edición |
| 260 ## - PUBLICATION, DISTRIBUTION, ETC. | |
| Place of publication, distribution, etc. | Bogotá : |
| Name of publisher, distributor, etc. | Tercer mundo, |
| Date of publication, distribution, etc. | 1984 |
| 300 ## - PHYSICAL DESCRIPTION | |
| Extent | 232 páginas ; |
| Dimensions | 20 cm. |
| 505 0# - FORMATTED CONTENTS NOTE | |
| Formatted contents note | El liberalismo clásico -- El liberalismo moderno -- El socialismo -- El socialismo posible -- La social-democracia -- El comunismo |
| 520 ## - SUMMARY, ETC. | |
| Summary, etc. | Gerardo Molina, bien conocido de los lestores del país después del éxito de su obra. Las ideas liberales en Colombia, presenta hoy su último libro. Brevario de ideas políticas, preparado con el cuidado y el rigor que le son propios. |
| 650 14 - SUBJECT ADDED ENTRY--TOPICAL TERM | |
| Topical term or geographic name entry element | Partidos políticos |
| 9 (RLIN) | 1992 |
| 650 14 - SUBJECT ADDED ENTRY--TOPICAL TERM | |
| Topical term or geographic name entry element | Socialismo |
| General subdivision | ideología política |
| 9 (RLIN) | 2085 |
| 942 ## - ADDED ENTRY ELEMENTS (KOHA) | |
| Source of classification or shelving scheme | Dewey Decimal Classification |
| Koha item type | Books |
| Withdrawn status | Lost status | Source of classification or shelving scheme | Damaged status | Not for loan | Collection code | Home library | Current library | Date acquired | Source of acquisition | Cost, normal purchase price | Full call number | Barcode | Date last seen | Copy number | Koha item type |
|---|---|---|---|---|---|---|---|---|---|---|---|---|---|---|---|
| Dewey Decimal Classification | Non-fiction | Biblioteca Pública José María del Castillo y Rada | Biblioteca Pública José María del Castillo y Rada | 04/15/2018 | Donación | 0.00 | 320.5 / M721b | 201811706 | 05/16/2024 | Ej.1 | Books |